[Event "DVM U10 2023"]
[Site "Magdeburg GER"]
[Date "2023.12.28"]
[Round "3"]
[White "Klaus, Simon"]
[Black "Roycroft, Joris Brian"]
[Result "1-0"]
[Termination "normal"]
[Board "10.2"]
[WhiteElo "1044"]
[BlackElo "1031"]
[WhiteClock "00:25:24"]
[BlackClock "00:46:52"]
[WhiteTeam "SF Tegernheim"]
[BlackTeam "SK Johanneum Eppendorf"]
[PlyCount "85"]
[EventCountry "GER"]
[EventRounds "7"]
[EventType "team-swiss"]
[EventDate "2023.12.27"]

1. e4 {[%clk 00:55:09]} c5 {[%clk 00:55:07]} {[%emt 00:00:04]} 2. d4 {[%clk
00:55:04]} {[%emt 00:00:09]} cxd4 {[%clk 00:55:03]} {[%emt 00:00:09]} 3. c3
{[%clk 00:55:03]} {[%emt 00:00:07]} Nf6 {[%clk 00:55:00]} {[%emt 00:00:08]} 4.
Bd3 {[%clk 00:53:28]} {[%emt 00:01:39]} dxc3 {[%clk 00:54:54]} {[%emt
00:00:12]} 5. Nxc3 {[%clk 00:53:26]} {[%emt 00:00:07]} Nc6 {[%clk 00:54:53]}
{[%emt 00:00:06]} 6. Bf4 {[%clk 00:52:45]} {[%emt 00:00:45]} e5 {[%clk
00:53:55]} {[%emt 00:01:04]} 7. Bg5 {[%clk 00:51:36]} {[%emt 00:01:14]} Be7
{[%clk 00:53:40]} {[%emt 00:00:19]} 8. Nf3 {[%clk 00:50:04]} {[%emt 00:01:37]}
O-O {[%clk 00:52:28]} {[%emt 00:01:18]} 9. Bb5 {[%clk 00:48:40]} {[%emt
00:01:29]} a6 {[%clk 00:52:04]} {[%emt 00:00:29]} 10. Bxc6 {[%clk 00:48:10]}
{[%emt 00:00:35]} dxc6 {[%clk 00:51:54]} {[%emt 00:00:15]} 11. Qxd8 {[%clk
00:47:15]} {[%emt 00:00:59]} Rxd8 {[%clk 00:51:53]} {[%emt 00:00:07]} 12. Nxe5
{[%clk 00:47:10]} {[%emt 00:00:09]} Be6 {[%clk 00:51:33]} {[%emt 00:00:26]} 13.
O-O {[%clk 00:46:06]} {[%emt 00:01:08]} h6 {[%clk 00:51:24]} {[%emt 00:00:15]}
14. Be3 {[%clk 00:45:14]} {[%emt 00:00:56]} Ng4 {[%clk 00:50:42]} {[%emt
00:00:46]} 15. Nxg4 {[%emt 00:01:31]} Bxg4 {[%clk 00:50:39]} {[%emt 00:00:03]}
16. h3 {[%clk 00:43:23]} {[%emt 00:00:36]} Be6 {[%clk 00:50:31]} {[%emt
00:00:14]} 17. Rfd1 {[%clk 00:42:10]} {[%emt 00:01:17]} Rxd1+ {[%clk 00:50:29]}
{[%emt 00:00:08]} 18. Rxd1 {[%clk 00:42:04]} {[%emt 00:00:10]} Rd8 {[%clk
00:50:26]} {[%emt 00:00:08]} 19. Rxd8+ {[%clk 00:41:13]} {[%emt 00:00:57]} Bxd8
{[%clk 00:50:26]} {[%emt 00:00:05]} 20. a3 {[%clk 00:40:25]} {[%emt 00:00:53]}
Bf6 {[%clk 00:50:23]} {[%emt 00:00:08]} 21. Kf1 {[%clk 00:38:56]} {[%emt
00:01:34]} Bxc3 {[%clk 00:50:20]} {[%emt 00:00:07]} 22. bxc3 {[%clk 00:38:55]}
{[%emt 00:00:07]} Kf8 {[%clk 00:50:19]} {[%emt 00:00:05]} 23. Ke2 {[%clk
00:38:54]} {[%emt 00:00:07]} Ke7 {[%clk 00:50:20]} {[%emt 00:00:04]} 24. Kd3
{[%clk 00:38:20]} {[%emt 00:00:39]} Kd6 {[%clk 00:50:05]} {[%emt 00:00:20]} 25.
f4 {[%clk 00:37:04]} {[%emt 00:01:20]} f5 {[%clk 00:49:52]} {[%emt 00:00:17]}
26. e5+ {[%clk 00:36:41]} {[%emt 00:00:30]} Kc7 {[%clk 00:49:45]} {[%emt
00:00:08]} 27. Bc5 {[%clk 00:35:37]} {[%emt 00:01:13]} h5 {[%clk 00:49:45]}
{[%emt 00:00:04]} 28. a4 {[%clk 00:33:58]} {[%emt 00:01:45]} Bd5 {[%clk
00:49:18]} {[%emt 00:00:32]} 29. c4 {[%clk 00:29:00]} {[%emt 00:05:03]} b6
{[%clk 00:48:40]} {[%emt 00:00:43]} 30. Bd6+ {[%clk 00:28:28]} {[%emt
00:00:37]} Kd7 {[%emt 00:00:10]} 31. cxd5 {[%emt 00:00:13]} cxd5 {[%clk
00:48:10]} {[%emt 00:00:12]} 32. Kd4 {[%clk 00:27:56]} {[%emt 00:00:37]} Kc6
{[%clk 00:48:06]} {[%emt 00:00:09]} 33. Ba3 {[%clk 00:27:40]} {[%emt 00:00:21]}
g6 {[%clk 00:47:54]} {[%emt 00:00:17]} 34. e6 {[%clk 00:27:19]} {[%emt
00:00:26]} a5 {[%clk 00:47:42]} {[%emt 00:00:18]} 35. e7 {[%clk 00:27:12]}
{[%emt 00:00:11]} Kd7 {[%emt 00:00:02]} 36. Kxd5 {[%clk 00:26:58]} {[%emt
00:00:18]} Ke8 {[%clk 00:47:44]} {[%emt 00:00:07]} 37. Kc6 {[%clk 00:26:42]}
{[%emt 00:00:20]} Kf7 {[%clk 00:47:19]} {[%emt 00:00:30]} 38. Kd7 {[%clk
00:26:30]} {[%emt 00:00:18]} g5 {[%clk 00:47:02]} {[%emt 00:00:21]} 39. e8=Q
{[%clk 00:26:19]} {[%emt 00:00:17]} Kf6 {[%clk 00:47:03]} {[%emt 00:00:04]} 40.
Qf8+ {[%clk 00:25:59]} {[%emt 00:00:25]} Kg6 {[%clk 00:47:00]} {[%emt
00:00:08]} 41. Ke6 {[%clk 00:25:36]} {[%emt 00:00:28]} b5 {[%clk 00:46:57]}
{[%emt 00:00:09]} 42. Qf7 {[%clk 00:25:25]} {[%emt 00:00:15]} Kh6 {[%clk
00:46:52]} {[%emt 00:00:10]} 43. Bf8 {[%clk 00:25:24]} {[%emt 00:00:06]} 1-0

[Event "DVM U10 2023"]
[Site "Magdeburg GER"]
[Date "2023.12.28"]
[Round "3"]
[White "Xu, Yan"]
[Black "Pflug, Johan"]
[Result "1-0"]
[Termination "normal"]
[Board "11.2"]
[WhiteElo "1171"]
[BlackElo "980"]
[WhiteClock "00:33:08"]
[BlackClock "00:15:47"]
[WhiteTeam "SV Dresden-Striesen 1990"]
[BlackTeam "Schachzwerge Magdeburg"]
[PlyCount "61"]
[WhiteFideId "34693424"]
[EventCountry "GER"]
[EventRounds "7"]
[EventType "team-swiss"]
[EventDate "2023.12.27"]

1. e4 {[%clk 00:55:07]} {[%emt 00:00:02]} c5 {[%clk 00:55:05]} {[%emt
00:00:05]} 2. Nf3 {[%clk 00:54:54]} {[%emt 00:00:18]} Nc6 {[%clk 00:55:04]}
{[%emt 00:00:06]} 3. c3 {[%clk 00:54:25]} {[%emt 00:00:35]} Nf6 {[%clk
00:54:53]} {[%emt 00:00:15]} 4. Qc2 {[%clk 00:54:21]} {[%emt 00:00:08]} g6
{[%clk 00:54:20]} {[%emt 00:00:39]} 5. d4 {[%clk 00:54:12]} {[%emt 00:00:15]}
cxd4 {[%clk 00:53:49]} {[%emt 00:00:35]} 6. cxd4 {[%clk 00:54:08]} {[%emt
00:00:10]} Bg7 {[%clk 00:53:26]} {[%emt 00:00:27]} 7. Be3 {[%clk 00:53:59]}
{[%emt 00:00:14]} O-O {[%clk 00:53:04]} {[%emt 00:00:28]} 8. Bd3 {[%clk
00:53:42]} {[%emt 00:00:22]} Nb4 {[%clk 00:52:40]} {[%emt 00:00:29]} 9. Qd2
{[%clk 00:52:59]} {[%emt 00:00:43]} Nxd3+ {[%clk 00:52:15]} {[%emt 00:00:34]}
10. Qxd3 {[%clk 00:52:56]} {[%emt 00:00:09]} d6 {[%clk 00:51:46]} {[%emt
00:00:34]} 11. Nbd2 {[%clk 00:52:37]} {[%emt 00:00:23]} Bd7 {[%clk 00:51:09]}
{[%emt 00:00:42]} 12. O-O {[%clk 00:52:07]} {[%emt 00:00:35]} a6 {[%clk
00:50:54]} {[%emt 00:00:20]} 13. Qb3 {[%clk 00:51:19]} {[%emt 00:00:52]} b5
{[%clk 00:49:40]} {[%emt 00:01:20]} 14. Bf4 {[%clk 00:48:52]} {[%emt 00:02:27]}
a5 {[%clk 00:46:06]} {[%emt 00:03:44]} 15. Rfe1 {[%clk 00:47:39]} {[%emt
00:01:18]} a4 {[%clk 00:44:42]} {[%emt 00:01:31]} 16. Qd3 {[%clk 00:46:23]}
{[%emt 00:01:14]} Re8 {[%clk 00:40:43]} {[%emt 00:04:09]} 17. Bg3 {[%clk
00:45:49]} {[%emt 00:00:39]} Qa5 {[%clk 00:34:39]} {[%emt 00:06:09]} 18. a3
{[%clk 00:43:44]} {[%emt 00:02:10]} Rac8 {[%clk 00:32:27]} {[%emt 00:02:17]}
19. Rac1 {[%clk 00:42:16]} {[%emt 00:01:32]} Rc7 {[%clk 00:28:49]} {[%emt
00:03:44]} 20. b4 {[%clk 00:41:26]} {[%emt 00:00:56]} Qa7 {[%clk 00:28:32]}
{[%emt 00:00:21]} 21. e5 {[%clk 00:39:59]} {[%emt 00:01:33]} Rxc1 {[%clk
00:25:58]} {[%emt 00:02:38]} 22. Rxc1 {[%clk 00:39:26]} {[%emt 00:00:39]} Nd5
{[%clk 00:25:06]} {[%emt 00:00:57]} 23. exd6 {[%clk 00:38:26]} {[%emt
00:01:04]} exd6 {[%clk 00:25:01]} {[%emt 00:00:10]} 24. Bxd6 {[%clk 00:38:05]}
{[%emt 00:00:26]} Bf5 {[%clk 00:24:11]} {[%emt 00:00:55]} 25. Qxb5 {[%clk
00:35:45]} {[%emt 00:02:26]} Nf6 {[%clk 00:20:18]} {[%emt 00:03:57]} 26. Be5
{[%clk 00:34:24]} {[%emt 00:01:26]} Ne4 {[%clk 00:16:44]} {[%emt 00:03:39]} 27.
Qxe8+ {[%clk 00:33:46]} {[%emt 00:00:43]} Bf8 {[%clk 00:16:41]} {[%emt
00:00:07]} 28. Nxe4 {[%clk 00:33:40]} {[%emt 00:00:12]} Bxe4 {[%clk 00:16:37]}
{[%emt 00:00:09]} 29. Rc8 {[%clk 00:33:23]} {[%emt 00:00:22]} h5 {[%clk
00:15:45]} {[%emt 00:00:57]} 30. Qxf8+ {[%clk 00:33:20]} {[%emt 00:00:08]} Kh7
{[%clk 00:15:47]} {[%emt 00:00:03]} 31. Qh8# {[%clk 00:33:08]} {[%emt
00:00:12]} 1-0

[Event "DVM U10 2023"]
[Site "Magdeburg GER"]
[Date "2023.12.28"]
[Round "3"]
[White "Dornheim, Georg Wilhelm"]
[Black "Cetinalp, Poyraz"]
[Result "1/2-1/2"]
[Termination "normal"]
[Board "11.3"]
[WhiteElo "1025"]
[BlackElo "1171"]
[WhiteClock "00:05:12"]
[BlackClock "00:03:05"]
[WhiteTeam "Schachzwerge Magdeburg"]
[BlackTeam "SV Dresden-Striesen 1990"]
[PlyCount "143"]
[WhiteFideId "34645438"]
[BlackFideId "34671340"]
[EventCountry "GER"]
[EventRounds "7"]
[EventType "team-swiss"]
[EventDate "2023.12.27"]

1. e4 {[%clk 00:31:24]} {[%emt 00:23:44]} e5 {[%clk 00:55:06]} {[%emt
00:00:05]} 2. Nf3 {[%clk 00:31:01]} {[%emt 00:00:28]} Nc6 {[%clk 00:55:08]}
{[%emt 00:00:03]} 3. d4 {[%clk 00:30:54]} {[%emt 00:00:12]} exd4 {[%clk
00:54:58]} {[%emt 00:00:15]} 4. Nxd4 {[%clk 00:30:51]} {[%emt 00:00:08]} Nxd4
{[%clk 00:54:57]} {[%emt 00:00:07]} 5. Qxd4 {[%clk 00:30:48]} {[%emt 00:00:07]}
d6 {[%clk 00:54:37]} {[%emt 00:00:25]} 6. Bf4 {[%clk 00:30:17]} {[%emt
00:00:36]} Nf6 {[%clk 00:53:30]} {[%emt 00:01:12]} 7. e5 {[%clk 00:29:50]}
{[%emt 00:00:32]} dxe5 {[%clk 00:53:07]} {[%emt 00:00:28]} 8. Qxd8+ {[%clk
00:28:59]} {[%emt 00:00:56]} Kxd8 {[%clk 00:52:58]} {[%emt 00:00:14]} 9. Bxe5
{[%clk 00:28:45]} {[%emt 00:00:19]} Bf5 {[%clk 00:52:34]} {[%emt 00:00:28]} 10.
c3 {[%clk 00:28:18]} {[%emt 00:00:34]} Kd7 {[%clk 00:52:18]} {[%emt 00:00:20]}
11. Na3 {[%clk 00:27:44]} {[%emt 00:00:39]} Re8 {[%clk 00:51:50]} {[%emt
00:00:33]} 12. Nc4 {[%clk 00:26:27]} {[%emt 00:01:23]} Bd6 {[%clk 00:50:25]}
{[%emt 00:01:29]} 13. f4 {[%clk 00:26:10]} {[%emt 00:00:21]} Nd5 {[%clk
00:47:49]} {[%emt 00:02:38]} 14. O-O-O {[%clk 00:26:02]} {[%emt 00:00:16]} Be4
{[%clk 00:37:34]} {[%emt 00:10:21]} 15. Rd4 {[%clk 00:24:47]} {[%emt 00:01:19]}
f5 {[%clk 00:34:59]} {[%emt 00:02:38]} 16. Bd3 {[%clk 00:20:26]} {[%emt
00:04:28]} c5 {[%clk 00:33:32]} {[%emt 00:01:33]} 17. Nxd6 {[%clk 00:19:33]}
{[%emt 00:00:57]} cxd4 {[%clk 00:32:24]} {[%emt 00:01:13]} 18. Nxe8 {[%clk
00:19:24]} {[%emt 00:00:15]} Rxe8 {[%clk 00:31:57]} {[%emt 00:00:32]} 19. Bxe4
{[%clk 00:19:15]} {[%emt 00:00:13]} fxe4 {[%clk 00:31:54]} {[%emt 00:00:09]}
20. Rd1 {[%clk 00:18:14]} {[%emt 00:01:06]} d3 {[%clk 00:31:27]} {[%emt
00:00:33]} 21. g4 {[%clk 00:17:20]} {[%emt 00:00:58]} Rf8 {[%clk 00:27:44]}
{[%emt 00:03:42]} 22. f5 {[%clk 00:14:47]} {[%emt 00:02:43]} Re8 {[%clk
00:27:15]} {[%emt 00:00:35]} 23. Bg3 {[%clk 00:14:47]} {[%emt 00:00:05]} Kc6
{[%clk 00:24:51]} {[%emt 00:02:29]} 24. h4 {[%clk 00:14:07]} {[%emt 00:00:45]}
Kb5 {[%clk 00:23:47]} {[%emt 00:01:08]} 25. Kd2 {[%clk 00:12:29]} {[%emt
00:01:37]} Nf6 {[%clk 00:22:40]} {[%emt 00:01:19]} 26. g5 {[%clk 00:10:55]}
{[%emt 00:01:38]} Nh5 {[%clk 00:21:54]} {[%emt 00:00:52]} 27. Bf2 {[%clk
00:10:32]} {[%emt 00:00:27]} Rf8 {[%clk 00:16:17]} {[%emt 00:05:43]} 28. f6
{[%clk 00:09:31]} {[%emt 00:01:06]} gxf6 {[%clk 00:15:52]} {[%emt 00:00:30]}
29. gxf6 {[%clk 00:08:58]} {[%emt 00:00:39]} Rxf6 {[%clk 00:15:45]} {[%emt
00:00:12]} 30. Bxa7 {[%clk 00:08:51]} {[%emt 00:00:11]} b6 {[%clk 00:14:45]}
{[%emt 00:01:05]} 31. Bb8 {[%clk 00:07:59]} {[%emt 00:00:57]} Rf2+ {[%clk
00:10:48]} {[%emt 00:04:02]} 32. Ke3 {[%clk 00:07:04]} {[%emt 00:01:00]} Re2+
{[%clk 00:09:34]} {[%emt 00:01:18]} 33. Kd4 {[%clk 00:06:47]} {[%emt 00:00:23]}
e3 {[%clk 00:06:52]} {[%emt 00:02:46]} 34. Kxd3 {[%clk 00:06:10]} {[%emt
00:00:43]} Rd2+ {[%clk 00:06:48]} {[%emt 00:00:10]} 35. Rxd2 {[%clk 00:05:28]}
{[%emt 00:00:46]} exd2 {[%clk 00:06:47]} {[%emt 00:00:06]} 36. Kxd2 {[%clk
00:05:22]} {[%emt 00:00:11]} Kc4 {[%clk 00:06:42]} {[%emt 00:00:09]} 37. Ke3
{[%clk 00:05:08]} {[%emt 00:00:20]} Nf6 {[%clk 00:06:23]} {[%emt 00:00:24]} 38.
Kf4 {[%clk 00:04:44]} {[%emt 00:00:29]} Ng8 {[%clk 00:05:42]} {[%emt 00:00:45]}
39. Ke5 {[%clk 00:04:33]} {[%emt 00:00:17]} b5 {[%clk 00:05:31]} {[%emt
00:00:17]} 40. b3+ {[%clk 00:04:28]} {[%emt 00:00:09]} Kxc3 {[%clk 00:05:23]}
{[%emt 00:00:13]} 41. a4 {[%clk 00:04:32]} {[%emt 00:00:02]} bxa4 {[%clk
00:04:41]} {[%emt 00:00:47]} 42. bxa4 {[%clk 00:04:35]} {[%emt 00:00:01]} Kb4
{[%clk 00:04:45]} 43. Ke6 {[%clk 00:04:39]} {[%emt 00:00:02]} Kxa4 {[%clk
00:04:48]} {[%emt 00:00:01]} 44. Kf7 {[%clk 00:04:41]} {[%emt 00:00:03]} Nh6+
{[%clk 00:04:04]} {[%emt 00:00:49]} 45. Kf6 {[%clk 00:04:22]} {[%emt 00:00:24]}
Kb5 {[%clk 00:03:52]} {[%emt 00:00:17]} 46. Bf4 {[%clk 00:04:25]} {[%emt
00:00:02]} Ng4+ {[%clk 00:03:42]} {[%emt 00:00:16]} 47. Kg7 {[%clk 00:04:19]}
{[%emt 00:00:10]} Kc6 {[%clk 00:03:32]} {[%emt 00:00:15]} 48. Kxh7 {[%clk
00:04:22]} {[%emt 00:00:02]} Kd5 {[%clk 00:03:28]} {[%emt 00:00:09]} 49. Kg6
{[%clk 00:04:25]} {[%emt 00:00:02]} Ke6 {[%clk 00:03:28]} {[%emt 00:00:04]} 50.
Kg5 {[%clk 00:04:28]} {[%emt 00:00:03]} Nf6 {[%clk 00:03:08]} {[%emt 00:00:25]}
51. Be3 {[%clk 00:04:32]} {[%emt 00:00:01]} Kf7 {[%clk 00:03:04]} {[%emt
00:00:07]} 52. Bd4 {[%clk 00:04:35]} {[%emt 00:00:04]} Nh7+ {[%clk 00:03:04]}
{[%emt 00:00:05]} 53. Kh6 {[%clk 00:04:31]} {[%emt 00:00:10]} Nf6 {[%clk
00:02:37]} {[%emt 00:00:32]} 54. Kg5 {[%clk 00:04:28]} {[%emt 00:00:08]} Nh7+
{[%clk 00:02:38]} {[%emt 00:00:04]} 55. Kg4 {[%clk 00:04:31]} Nf6+ {[%clk
00:02:39]} {[%emt 00:00:04]} 56. Kf5 {[%clk 00:04:33]} {[%emt 00:00:04]} Nh7
{[%clk 00:02:39]} {[%emt 00:00:05]} 57. h5 {[%clk 00:04:35]} {[%emt 00:00:02]}
Nf6 {[%clk 00:02:29]} {[%emt 00:00:14]} 58. Bxf6 {[%clk 00:04:37]} {[%emt
00:00:03]} Kg8 {[%clk 00:02:32]} {[%emt 00:00:02]} 59. Kg6 {[%clk 00:04:38]}
{[%emt 00:00:05]} Kf8 {[%emt 00:00:06]} 60. h6 {[%clk 00:04:40]} Ke8 {[%clk
00:02:26]} {[%emt 00:00:13]} 61. h7 {[%clk 00:04:44]} {[%emt 00:00:02]} Kd7
{[%clk 00:02:30]} 62. h8=Q {[%clk 00:04:43]} {[%emt 00:00:06]} Ke6 {[%clk
00:02:34]} 63. Qe8+ {[%clk 00:04:46]} {[%emt 00:00:02]} Kd5 {[%clk 00:02:39]}
{[%emt 00:00:01]} 64. Qe5+ {[%clk 00:04:48]} {[%emt 00:00:03]} Kc4 {[%clk
00:02:43]} 65. Kf5 {[%clk 00:04:49]} {[%emt 00:00:03]} Kd3 {[%clk 00:02:48]}
66. Qf4 {[%clk 00:04:52]} {[%emt 00:00:02]} Ke2 {[%clk 00:02:48]} {[%emt
00:00:03]} 67. Qg3 {[%clk 00:04:55]} {[%emt 00:00:03]} Kd2 {[%clk 00:02:52]}
{[%emt 00:00:01]} 68. Qf3 {[%clk 00:04:59]} Kc2 {[%clk 00:02:55]} {[%emt
00:00:02]} 69. Qe3 {[%clk 00:05:02]} {[%emt 00:00:02]} Kd1 {[%clk 00:02:58]}
{[%emt 00:00:02]} 70. Qf2 {[%clk 00:05:05]} {[%emt 00:00:01]} Kc1 {[%clk
00:03:02]} {[%emt 00:00:02]} 71. Qe2 {[%clk 00:05:09]} {[%emt 00:00:02]} Kb1
{[%clk 00:03:05]} 72. Qd2 {[%clk 00:05:12]} {[%emt 00:00:02]} 1/2-1/2

[Event "DVM U10 2023"]
[Site "Magdeburg GER"]
[Date "2023.12.28"]
[Round "3"]
[White "Mayer, Frederik Eliot"]
[Black "Filimonovs, Timotheus"]
[Result "0-1"]
[Termination "normal"]
[Board "11.4"]
[WhiteElo "1036"]
[BlackElo "1060"]
[WhiteClock "00:18:31"]
[BlackClock "00:17:30"]
[WhiteTeam "SV Dresden-Striesen 1990"]
[BlackTeam "Schachzwerge Magdeburg"]
[PlyCount "100"]
[BlackFideId "34644547"]
[EventCountry "GER"]
[EventRounds "7"]
[EventType "team-swiss"]
[EventDate "2023.12.27"]

1. d4 {[%clk 00:55:09]} {[%emt 00:00:01]} d5 {[%clk 00:55:07]} {[%emt
00:00:02]} 2. Nf3 {[%clk 00:55:07]} {[%emt 00:00:08]} Nc6 {[%clk 00:54:57]}
{[%emt 00:00:15]} 3. Nc3 {[%clk 00:55:02]} {[%emt 00:00:10]} Bg4 {[%clk
00:54:10]} {[%emt 00:00:50]} 4. Bf4 {[%clk 00:54:38]} {[%emt 00:00:29]} e6
{[%clk 00:53:06]} {[%emt 00:01:11]} 5. Nb5 {[%clk 00:54:34]} {[%emt 00:00:09]}
Bd6 {[%clk 00:52:49]} {[%emt 00:00:21]} 6. Nxd6+ {[%clk 00:54:19]} {[%emt
00:00:21]} cxd6 {[%clk 00:52:44]} {[%emt 00:00:10]} 7. e3 {[%clk 00:54:18]}
{[%emt 00:00:04]} e5 {[%clk 00:52:30]} {[%emt 00:00:21]} 8. dxe5 {[%clk
00:53:57]} {[%emt 00:00:26]} dxe5 {[%clk 00:52:26]} {[%emt 00:00:08]} 9. Bg3
{[%clk 00:52:18]} {[%emt 00:00:48]} e4 {[%clk 00:52:16]} {[%emt 00:01:11]} 10.
h3 {[%clk 00:52:05]} {[%emt 00:00:18]} Bh5 {[%clk 00:51:52]} {[%emt 00:00:29]}
11. Be2 {[%clk 00:51:50]} {[%emt 00:00:20]} exf3 {[%clk 00:51:44]} {[%emt
00:00:14]} 12. Bxf3 {[%clk 00:51:35]} {[%emt 00:00:19]} Bxf3 {[%clk 00:50:59]}
{[%emt 00:00:51]} 13. Qxf3 {[%clk 00:51:30]} {[%emt 00:00:10]} Nf6 {[%clk
00:50:46]} {[%emt 00:00:17]} 14. O-O {[%clk 00:51:23]} {[%emt 00:00:11]} O-O
{[%clk 00:50:35]} {[%emt 00:00:18]} 15. Rad1 {[%clk 00:51:09]} {[%emt
00:00:18]} Rc8 {[%clk 00:48:55]} {[%emt 00:01:44]} 16. c4 {[%clk 00:50:59]}
{[%emt 00:00:16]} Nb4 {[%clk 00:47:51]} {[%emt 00:01:08]} 17. cxd5 {[%clk
00:50:10]} {[%emt 00:00:56]} Nfxd5 {[%clk 00:47:27]} {[%emt 00:00:28]} 18. e4
{[%clk 00:49:42]} {[%emt 00:00:33]} Rc5 {[%clk 00:46:14]} {[%emt 00:01:19]} 19.
exd5 {[%clk 00:49:28]} {[%emt 00:00:19]} Nxd5 {[%clk 00:44:53]} {[%emt
00:01:25]} 20. b4 {[%clk 00:49:06]} {[%emt 00:00:27]} Rb5 {[%clk 00:44:11]}
{[%emt 00:00:48]} 21. a3 {[%clk 00:48:48]} {[%emt 00:00:19]} a5 {[%clk
00:43:10]} {[%emt 00:01:10]} 22. bxa5 {[%clk 00:47:50]} {[%emt 00:01:03]} Rxa5
{[%clk 00:43:05]} {[%emt 00:00:10]} 23. Rc1 {[%clk 00:46:31]} {[%emt 00:01:22]}
Qe7 {[%clk 00:41:53]} {[%emt 00:01:16]} 24. Rfe1 {[%clk 00:46:15]} {[%emt
00:00:24]} Qg5 {[%clk 00:39:39]} {[%emt 00:02:15]} 25. Re5 {[%clk 00:45:54]}
{[%emt 00:00:30]} Qxc1+ {[%clk 00:39:21]} {[%emt 00:00:21]} 26. Kh2 {[%clk
00:45:48]} {[%emt 00:00:10]} Rd8 {[%clk 00:38:25]} {[%emt 00:01:04]} 27. Qe2
{[%clk 00:45:05]} {[%emt 00:00:46]} Qc6 {[%clk 00:37:08]} {[%emt 00:01:23]} 28.
Bh4 {[%clk 00:44:33]} {[%emt 00:00:33]} Rc8 {[%clk 00:36:48]} {[%emt 00:00:28]}
29. Qe4 {[%clk 00:39:49]} {[%emt 00:04:29]} Qd6 {[%clk 00:36:28]} {[%emt
00:00:44]} 30. Bg3 {[%clk 00:39:13]} {[%emt 00:00:40]} Qd7 {[%clk 00:35:32]}
{[%emt 00:01:03]} 31. Qe1 {[%clk 00:37:47]} {[%emt 00:01:31]} b6 {[%clk
00:35:18]} {[%emt 00:00:19]} 32. Qd2 {[%clk 00:36:01]} {[%emt 00:01:51]} h6
{[%clk 00:34:00]} {[%emt 00:01:24]} 33. Qd4 {[%clk 00:35:11]} {[%emt 00:00:56]}
Rb8 {[%clk 00:31:48]} {[%emt 00:02:16]} 34. Re4 {[%clk 00:34:52]} {[%emt
00:00:25]} Rb7 {[%clk 00:31:23]} {[%emt 00:00:29]} 35. Re5 {[%clk 00:33:56]}
{[%emt 00:00:57]} f6 {[%clk 00:29:54]} {[%emt 00:01:38]} 36. Re2 {[%clk
00:33:07]} {[%emt 00:00:53]} Ra4 {[%clk 00:29:38]} {[%emt 00:00:21]} 37. Qd3
{[%clk 00:32:07]} {[%emt 00:01:01]} Qc6 {[%clk 00:28:44]} {[%emt 00:01:02]} 38.
Rc2 {[%clk 00:31:30]} {[%emt 00:00:43]} Qd7 {[%clk 00:27:25]} {[%emt 00:01:25]}
39. Rd2 {[%clk 00:30:41]} {[%emt 00:00:54]} Ra5 {[%clk 00:26:19]} {[%emt
00:01:11]} 40. Rc2 {[%clk 00:29:19]} {[%emt 00:01:24]} Rb8 {[%clk 00:25:19]}
{[%emt 00:01:07]} 41. Bxb8 {[%clk 00:28:47]} {[%emt 00:00:38]} Qd8 {[%clk
00:24:23]} {[%emt 00:01:01]} 42. Bg3 {[%clk 00:28:29]} {[%emt 00:00:22]} Qa8
{[%clk 00:23:48]} {[%emt 00:00:41]} 43. Bd6 {[%clk 00:26:50]} {[%emt 00:01:34]}
Qd8 {[%clk 00:22:35]} {[%emt 00:01:27]} 44. Bb4 {[%clk 00:26:05]} {[%emt
00:00:49]} Qb8+ {[%clk 00:22:20]} {[%emt 00:00:22]} 45. Bd6 {[%clk 00:25:39]}
{[%emt 00:00:45]} Qxd6+ {[%clk 00:22:16]} {[%emt 00:00:11]} 46. g3 {[%clk
00:25:21]} {[%emt 00:00:21]} Rxa3 {[%clk 00:22:04]} {[%emt 00:00:19]} 47. Qg6
{[%clk 00:23:46]} {[%emt 00:01:25]} Ne7 {[%clk 00:19:47]} {[%emt 00:02:36]} 48.
Qg4 {[%clk 00:20:53]} {[%emt 00:02:55]} Qd5 {[%clk 00:18:26]} {[%emt 00:01:29]}
49. Re2 {[%clk 00:19:47]} {[%emt 00:01:04]} Ra1 {[%clk 00:17:58]} {[%emt
00:00:41]} 50. Re4 {[%clk 00:18:31]} {[%emt 00:01:16]} f5 {[%clk 00:17:30]}
{[%emt 00:00:38]} 0-1